Vista normal
Vista MARC
- COSTA RICA
Entrada Topical Term
Número de registros utilizados en: 1
001 - CONTROL NUMBER
- control field: 63572
003 - CONTROL NUMBER IDENTIFIER
- control field: OSt
005 - DATE AND TIME OF LATEST TRANSACTION
- control field: 20220609102709.0
008 - FIXED-LENGTH DATA ELEMENTS
- fixed length control field: 220609|| aca||aabn | a|a d
040 ## - CATALOGING SOURCE
- Original cataloging agency: OSt
- Transcribing agency: OSt
150 ## - HEADING--TOPICAL TERM
- Topical term or geographic name entry element: COSTA RICA
670 ## - SOURCE DATA FOUND
- Source citation: Work cat.: (OSt)8661: Espinoza González, Alfonso 63570, Creación del departamento de Tesorería en GasTOMZA de Costa Rica S.A, 2015